000 01027nam a22003497a 4500
001 6651
003 FISKH
005 20250519100221.0
008 250519b cb ||||| |||| 00| 0 eng d
020 _a1416902708 (pbk.)
040 _aDLC
_cDLC
_dDLC
_beng
042 _alcac
050 _a PZ7.H772 F
082 _a567
100 1 _aHope, Laura Lee.
245 1 0 _aFreddie and Flossie /
_cby Laura Lee Hope ; illustrated by Chuck Pyle.
260 _aNew York :
_bAladdin,
_c2005.
300 _a32 pages :
_bcolor illustrations ;
_c23 cm
440 0 _aReady-to-read
490 1 _aThe Bobbsey Twins
505 _aE
520 _aTwins Freddie and Flossie play at having a store and at being firefighters.
521 8 _a210
_bLexile
521 8 _aE
_bRaz-Plus
650 1 _aTwins
_vFiction.
650 1 _aSiblings
_vFiction.
650 1 _aPlay
_vFiction.
700 1 _aPyle, Chuck,
_d1954-
_eillustrator
906 _a7
_bcbc
_corignew
_d1
_eecip
_f20
_gy-gencatlg
942 _2ddc
_cBK
_n0
999 _c6651
_d6651